| 000 | 00905cab a2200277 4500 | ||
|---|---|---|---|
| 001 | ABS48767 | ||
| 008 | 090401t1993 xxu||||| |||| 00| 0 eng d | ||
| 035 | _a(Sirsi) u68468 | ||
| 041 | _aeng | ||
| 100 | _aMacKenzie-Williams, D. | ||
| 245 | _aPayment clauses: recognising the payment pitfalls | ||
| 260 | _c1993 | ||
| 350 | _a0 | ||
| 490 |
_aChartered Quantity Surveyor _v15(10) June 1993, 16(1) |
||
| 520 | _aA study of payment clauses, IFC 84 clause 4.2 and NAM/SC clause 19, which finds that they do not always provide the co-ordination of payment that is intended. | ||
| 650 | _aBUILT ENVIRONMENT-BUILDING CONTRACT FORMS | ||
| 650 | _aINTERIM PAYMENTS | ||
| 650 | _aMAIN CONTRACTORS | ||
| 650 | _aPAYMENT CLAUSES | ||
| 650 | _aSUBCONTRACTORS | ||
| 650 | _aTIMING | ||
| 650 | _aWORDING | ||
| 690 | _aBUILT ENVIRONMENT-BUILDING CONTRACT FORMS | ||
| 942 | _n0 | ||
| 948 | _c04/03/1997 | ||
| 999 |
_c42958 _d42958 |
||